Library of the University of Algiers 3
Ibrahim Sultan Cheibout
شعار جامعة الجزائر 3
مكتبة جامعة الجزائر 3
إبراهيم سلطان شيبوط

القرار الإستثماري في البنوك الإسلامية / (رقم التسجيلة. 46171)

تفاصيل مارك
000 -LEADER
fixed length control field 01362nam a2200217Ia 4500
003 - CONTROL NUMBER IDENTIFIER
control field Ost
005 - DATE AND TIME OF LATEST TRANSACTION
control field 20260507075743.0
008 - FIXED-LENGTH DATA ELEMENTS--GENERAL INFORMATION
fixed length control field 260507s9999||||xx |||||||||||||| ||und||
020 ## - INTERNATIONAL STANDARD BOOK NUMBER
International Standard Book Number 9679519977
040 ## - CATALOGING SOURCE
Transcribing agency fsecg
041 ## - LANGUAGE CODE
Language code of text/sound track or separate title ara
082 ## - DEWEY DECIMAL CLASSIFICATION NUMBER
Classification number 330
100 ## - MAIN ENTRY--PERSONAL NAME
Personal name طايل، مصطفى كمال السيد
Relator term مؤلف
245 #0 - TITLE STATEMENT
Title القرار الإستثماري في البنوك الإسلامية /
Statement of responsibility, etc. مصطفى كمال السيد طايل
260 ## - PUBLICATION, DISTRIBUTION, ETC.
Place of publication, distribution, etc. الإسكندرية:
Name of publisher, distributor, etc. المكتب الجامعي الحديث,
Date of publication, distribution, etc. 2006
300 ## - PHYSICAL DESCRIPTION
Extent 417 صفحة؛
Other physical details إيضاحات ؛
Dimensions 24 سم
520 ## - SUMMARY, ETC.
Summary, etc. الإستعلامات- الحاجة الى التمويل- دراسة طلبات العملاء الراغبين في التمويل- البنوك الإسلامية- دراسة القوائم المالية للمنشآت طالبة التمويل من البنك- دراسة الجدوى الإقتصادية للمشروعات الإستثمارية المطلوب تمويلها بالصيغ الإسلامية عن طريق البنك الإسلامي- تنفيذ الصيغ التمويلية داخل البنوك الإسلامية- متابعة تنفيذ عمليات التمويل بالبنوك الإسلامية.
653 ## - INDEX TERM--UNCONTROLLED
Uncontrolled term الإستثمار الإسلامي
653 ## - INDEX TERM--UNCONTROLLED
Uncontrolled term البنوك الإسلامية
942 ## - ADDED ENTRY ELEMENTS (KOHA)
Koha item type كتب
المقتنيات
Withdrawn status Lost status Source of classification or shelving scheme Damaged status Not for loan Home library Current library Date acquired Serial enumeration / chronology Inventory number Total checkouts Full call number Barcode Date last seen Price effective from Koha item type
    Library of Congress Classification   NOT LOAN / إعارة داخلية مكتبة كلية العلوم الإقتصادية والعلوم التجارية وعلوم التسيير مكتبة كلية العلوم الإقتصادية والعلوم التجارية وعلوم التسيير 07/05/2026 الطابق الأرضي 1333/1   أ/1333ن1 1333/1 07/05/2026 07/05/2026 كتب
    Dewey Decimal Classification   Available مكتبة كلية العلوم الإقتصادية والعلوم التجارية وعلوم التسيير مكتبة كلية العلوم الإقتصادية والعلوم التجارية وعلوم التسيير 07/05/2026 الطابق الأرضي 1333/2   أ/1333ن2 1333/2 07/05/2026 07/05/2026 كتب
    Dewey Decimal Classification   Available مكتبة كلية العلوم الإقتصادية والعلوم التجارية وعلوم التسيير مكتبة كلية العلوم الإقتصادية والعلوم التجارية وعلوم التسيير 07/05/2026 الطابق الأرضي 1333/3   أ/1333ن3 1333/3 07/05/2026 07/05/2026 كتب
    Dewey Decimal Classification   Available مكتبة كلية العلوم الإقتصادية والعلوم التجارية وعلوم التسيير مكتبة كلية العلوم الإقتصادية والعلوم التجارية وعلوم التسيير 07/05/2026 الطابق الثاني 1333/4   أ/1333ن4 1333/4 07/05/2026 07/05/2026 كتب
    Dewey Decimal Classification   Available مكتبة كلية العلوم الإقتصادية والعلوم التجارية وعلوم التسيير مكتبة كلية العلوم الإقتصادية والعلوم التجارية وعلوم التسيير 07/05/2026 الطابق الثاني 1333/5   أ/1333ن5 1333/5 07/05/2026 07/05/2026 كتب

موارد الويب المفتوحة


© University of Algiers 3 All Rights Reserved
|
Implemented by LECHELAH Riad